| 000 | 00745nam a2200229 a 4500 | ||
|---|---|---|---|
| 005 | 20230318063605.0 | ||
| 008 | 030514s2006 mx r 000 0 spa d | ||
| 020 | _a8430760342 | ||
| 035 | _aUPN01000124208 | ||
| 049 | _aCG | ||
| 050 | 4 |
_aPA4018 A3.5 _bJ6.2 |
|
| 100 | 1 | _aJofresa, S. | |
| 245 | 1 | 3 |
_aLa cólera de Aquiles / _cintrod. y guía de lectura M. Capellá ; adaptadora S. Jofresa ; il. J. Ma. Casanovas. |
| 260 |
_aBarcelona, Esp. : _bTeide, _c2006. |
||
| 300 |
_a175 p. : _bil. col. |
||
| 440 | 0 |
_aBiblioteca Teide ; _v12 |
|
| 500 | _a"Adaptación de la Ilíada" de Homero | ||
| 650 | 4 |
_aMITOLOGIA GRIEGA - _vLITERATURA JUVENIL _911917 |
|
| 650 | 0 |
_aLiteratura griega _98400 |
|
| 700 | 0 |
_aHomero. _tIlíada _920902 |
|
| 905 | _aLibro | ||
| 999 |
_c96387 _d96387 |
||